01109nam a2200277 a 450000100060000000300080000600500170001400800410003103500190007204000320009104100080012308200240013110000440015524501040019926000460030330000340034949000660038350000210044965000410047065100460051170000560055783000550061394200120066899900170068095201340069758834BD-RjUL20211209080649.0161220s1951 enka 001 0 eng d a(BD-RjUL)58958 aNUNbengcNUNdANLdBD-RjUL aeng04223a332.6bLAI 19511 aLakdawala, Dansukhlal Tulsidas.917492410aInternational aspects of Indian economic development /cD.T. Lakdawala, with forward by C.N. Vakil. aLondon :bOxford University Press,c1951. a[7], 190 p. :bill. ;c21 cm.1 aPublications: Economics series / University of Bombay ;vno.5 aIncludes index. 0aInvestments, ForeignzIndia.9174925 0aIndiaxEconomic conditionsy1945-91749261 aVakil, C. N.q(Chandulal Nagindas),d1895-.9174927 0aUniversity of Bombay publications.vno. 5.9179501 2ddccBK c58834d58834 00102ddc40718NFICaRUCLbRUCLcReadingd1955-08-12eO.U.P.g7.00l0o332.6 LAI 1951r2016-12-20 00:00:00tC-1w2021-12-09yBK